00576cam a2200193 a 450000100100000000500170001000800410002702000150006804000250008308200170010810000290012524500580015426000400021230000200025249000330027265000200030565000240032583000330034900000457720240226141826.0910521s1974 sp 000 0 spa  a8430304118 aDO-SdBNPbspacBNPHU a843.8bV531q1 aVerne, Julio,d1828-190514aLos quinientos millones de la Begún /cJulio Verne. aBarcelona :bRamón Sopena,c1974. a192 p ;c18 cm.1 aBiblioteca Sopena ;vno. 411 4aNovela francesa 4aLiteratura francesa 0aBiblioteca Sopena ;vno. 411